Statistics for Countries that Start with E - Picture Quiz

Click here to take the quiz!

General Stats

  • This quiz has been taken 40 times
  • The average score is 7 of 8

Answer Stats

Answer % Correct
Egypt
100%
Eritrea
88%
Ethiopia
85%
Estonia
85%
East Timor
76%
El Salvador
74%
Ecuador
74%
Equatorial Guinea
71%

Score Distribution

Percentile by Number Answered

Percent of People with Each Score

Your Score History

You have not taken this quiz